Mini Sudoku XVII Quiz Stats

 Plays Quiz Updated Mar 17, 2020

Support Sporcle.
Go Orange.
Score 0/10 Timer 03:00
0 Plays Today
% Correct
1
96.1%
3
94.9%
3
94.7%
2
94.6%
2
94.3%
2
93.7%
3
93.4%
4
93.2%
3
92.3%
4
91.2%

You're not logged in!

Compare scores with friends on all Sporcle quizzes.
OR
Log In

From the Vault

Pick the Correct Set

by diamondguy

If you have your heart set on getting 100%, you may be setting yourself up for a letdown.
Remove Ads.
Support Sporcle.
Get the best of Sporcle when you Go Orange. This ad-free experience offers more features, more stats, and more fun while also helping to support Sporcle. Thank you for becoming a member.

Show Comments

Extras

Top Quizzes Today


Score Distribution

Your Account Isn't Verified!

In order to create a playlist on Sporcle, you need to verify the email address you used during registration. Go to your Sporcle Settings to finish the process.

Report this User

Report this user for behavior that violates our Community Guidelines.

Details: